Central Library OPAC University of Rajshahi

বাংলা সনের জন্মকথা / (Record no. 40043)

MARC details
000 -LEADER
fixed length control field 01006nam a2200265 a 4500
001 - CONTROL NUMBER
control field 40043
003 - CONTROL NUMBER IDENTIFIER
rucl marc code BD-RjUL
005 - DATE AND TIME OF LATEST TRANSACTION
control field 20211209053126.0
008 - FIXED-LENGTH DATA ELEMENTS--GENERAL INFORMATION
fixed length control field 160421s1977 bg ||||| |||| 00| 0 ben d
020 ## - INTERNATIONAL STANDARD BOOK NUMBER
Terms of availability : Tk. 8.00
035 ## - SYSTEM CONTROL NUMBER
System control number (BD-RjUL) 40158
040 ## - CATALOGING SOURCE
Original cataloging agency BD-RjUL
Language of cataloging ben
Transcribing agency BD-RjUL
041 ## - LANGUAGE CODE
Language code of text/sound track or separate title ben
082 ## - DEWEY DECIMAL CLASSIFICATION NUMBER
Edition number 23
Classification number 529.3245
Author mark and year TAB 1977
100 ## - MAIN ENTRY--PERSONAL NAME
Personal name তালিব, মুহম্মদ আবূ
9 (RLIN) 117962
245 10 - TITLE STATEMENT
Title বাংলা সনের জন্মকথা /
Statement of responsibility, etc. মুহম্মদ আবূ তালিব
260 ## - PUBLICATION, DISTRIBUTION, ETC. (IMPRINT)
Place of publication, distribution, etc. ঢাকা :
Name of publisher, distributor, etc. বাংলা একাডেমী,
Date of publication, distribution, etc. ১৯৭৭
300 ## - PHYSICAL DESCRIPTION
Pagination ৩, [ছয়], ৮২ পৃ. ;
Size ২১ সেমি.
490 ## - SERIES STATEMENT
Series statement বাএ ;
Volume/sequential designation ৮৩৬
504 ## - BIBLIOGRAPHY, ETC. NOTE
Bibliography, etc নামপঞ্জি সংযুক্ত
650 ## - SUBJECT ADDED ENTRY--TOPICAL TERM
Topical term or geographic name as entry element বর্ষপঞ্জি
General subdivision বাংলাদেশ-ইতিহাস
9 (RLIN) 123326
Topical term or geographic name as entry element Calender
General subdivision Bangladesh-History
9 (RLIN) 123327
830 ## - SERIES ADDED ENTRY--UNIFORM TITLE
Uniform title বাএ ;
Volume number/sequential designation ৮৩৬
942 ## - ADDED ENTRY ELEMENTS (KOHA)
Source of classification or shelving scheme Dewey Decimal Classification
Koha item type Books
Holdings
Lost status Source of classification or shelving scheme Damaged status Not for loan Collection code Permanent Location Current Location Shelving location Date acquired Source of acquisition Cost, normal purchase price Total Checkouts Full call number Date last seen Copy number Koha item type
  Dewey Decimal Classification     Non-fiction Central Library, University of Rajshahi Central Library, University of Rajshahi   25/08/1987 Bangla Academy, Dhaka 8.00   B 529.3245 TAB 1977 21/04/2016 C-2 Books
  Dewey Decimal Classification     Non-fiction Central Library, University of Rajshahi Central Library, University of Rajshahi   08/01/1985 Bangla Academy, Dhaka 8.00   B 529.3245 TAB 1977 30/04/2016 C-3 Books
  Dewey Decimal Classification   Not For Loan Non-fiction Central Library, University of Rajshahi Central Library, University of Rajshahi Reading Room 08/01/1985 Bangla Academy, Dhaka 8.00   B 529.3245 TAB 1977 30/10/2018 C-1 Books